Score 0/30 Timer 08:00
0 Plays Today
% Correct
Jurassic Park
97.3%
Jaws
96.2%
Titanic
95.5%
King Kong
93.7%
The Blues Brothers
89%
Scream
88.2%
The Matrix
87.9%
Gladiator
86.7%
Dirty Dancing
81.2%
Breakfast at Tiffany's
79.9%
The Usual Suspects
73.7%
Elf
71.3%
Inception
69.5%
Rocky
63.2%
The Graduate
53%
% Correct
Robin Hood: Prince of Thieves
52.3%
The Blair Witch Project
51.3%
Goldfinger
47.1%
American Beauty
45.6%
The Great Escape
44.5%
War Horse
39.7%
Nosferatu
38.2%
Schindler's List
36.7%
Deliverance
32.9%
Total Recall
24.5%
Four Weddings and a Funeral
23.8%
The Great Dictator
18.8%
The Seventh Seal
16.5%
Home Alone
6%
Ice Cold in Alex
2%

You're not logged in!

Compare scores with friends on all Sporcle quizzes.
OR
Log In

Sporcle TV

Today on Sporcle TV


Watch our educational content, quiz creation guides, and fun videos on Sporcle TV.

Show Comments

Extras

Top Quizzes Today


Score Distribution

Paid Content

Your Account Isn't Verified!

In order to create a playlist on Sporcle, you need to verify the email address you used during registration. Go to your Sporcle Settings to finish the process.

Report this User

Report this user for behavior that violates our Community Guidelines.

Details: